Statistics for Title in the Lyrics Quiz #7

Click here to take the quiz!

General Stats

  • This quiz has been taken 40,319 times
    (28,897 since last reset)
  • The average score is 9 of 17

Answer Stats

Song Lyric % Correct
{Like} {a} {virgin} / Touched for the very first time
87%
You big disgrace / Kickin' your can all over the place / Singin' / We will {We} {Will} {Rock} {You}
86%
I came in like a {Wrecking} {Ball} / I never hit so hard in love / All I wanted was to break your walls
83%
Take me down to the {paradise} {city} / where the grass is green and the girls are pretty
68%
He was a {Sk8er} {Boi}, she said see ya later boy
67%
You'll be the prince / And I'll be the princess / It's a {love} {story} / Baby, just say yes
64%
Are we {human} or are we dancer? / My sign is vital, my hands are cold
53%
Don't call my name, {Alejandro} / I'm not your babe / I'm not your babe, Fernando
52%
Look at the stars / Look how they shine for you / And everything you do / Yeah, they were all {yellow}
51%
The {Love} {Shack} is a little old place / where we can get together
48%
{Wild} {thing} / You make my heart sing / You make everything groovy
47%
{Ain}'{t} {no} {sunshine} when she's gone / It's not warm when she's away
45%
Are you going to {Scarborough} {Fair}? / Parsley, sage, rosemary, and thyme
35%
There stood a log cabin made of earth and wood / Where lived a country boy named {Johnny} {B}. {Goode}
31%
People try to put us down / Talkin' 'bout {my} {generation}
30%
{Lay}, {lady}, {lay}, lay across my big brass bed
18%
The {Old} {Gray} {Mare} / she ain't what she used to be / Ain't what she used to be / ain't what she used to be
16%

Score Distribution

Percentile by Number Answered

Percent of People with Each Score

Your Score History

You have not taken this quiz since the last reset